Law and society review the journal of the Law and Society Association

Detalles Bibliográficos
Formato: Desconocido
Lenguaje:inglés
Publicado: Beverly Hills, Calif : Wiley-Blackwell Publishing
Materias:
Acceso en línea:Acceso restringido

MARC

LEADER 00000ny a22000003n 4500
005 20110513095340.0
008 A10218c19669999us qr p r 0 a0eng d
022 |a 0023-9216 
035 |a 4173 
040 |a BUS  |d vLex 
080 |a 050 : 34 794 05 
080 |a 34 794 05 
080 |a 340.114 : 316 05 
090 |c 1823  |d 1823 
245 0 0 |a Law and society review  |h [Recurso electrn̤ico]  |b the journal of the Law and Society Association 
256 |a Servicio en ln̕ea 
260 |a Beverly Hills, Calif :  |b Wiley-Blackwell Publishing 
310 |a Trimestral 
506 1 |a Contenido solo disponible en los productos indicados  |d vLex Global  |d vLex Global (Academic Edition, excluding Law Schools)  |d vLex Global (U.S. Academic Edition, excluding Law Schools) 
650 0 4 |a Derecho  |x Publicaciones perid̤icas  |z California  |x Publicaciones perid̤icas 
650 0 4 |a Sociologa̕ jurd̕ica  |x Publicaciones perid̤icas 
740 |a vLex Revista (Servicios en ln̕ea) 
843 |a Electrn̤ica. Abierta 
853 |8 1  |i (year)  |j (month)  |k (day) 
856 4 0 |z Acceso restringido  |u http://vlex.com/account/login_ip?fuente_id=4173  
942 |c REV